[Event "ICS rated blitz match"]
[Site "207.99.5.190"]
[Date "1999.03.11"]
[Round "?"]
[White "Hossa"]
[Black "Speedy"]
[Result "1/2-1/2"]
[WhiteElo "2481"]
[BlackElo "2280"]
[PlyCount "81"]

1. e4 c5 2. Bc4 a6 3. Nc3 b5 4. Bxf7+ Kxf7 5. Qh5+ g6 6. Qd5+ e6 7. Qxa8 Nc6 8.
Nf3 Qc7 9. d3 b4 10. Ne2 h6 11. Bf4 d6 12. Nh4 Bb7 13. Qxf8+ Kxf8 14. Nxg6+ Kg7
15. Nxh8 Kxh8 16. O-O-O e5 17. Be3 Kg7 18. f4 Nf6 19. fxe5 dxe5 20. Rdf1 c4 21.
Bxh6+ Kxh6 22. Rxf6+ Kg7 23. Rf3 cxd3 24. Rxd3 a5 25. Rhd1 Qb6 26. Rg3+ Kf6 27.
Kb1 Nd4 28. Rf1+ Ke7 29. Rg7+ Ke8 30. Nxd4 exd4 31. e5 Be4 32. Rg8+ Ke7 33. Rg4
Qc6 34. Rg7+ Ke8 35. Rg8+ Ke7 36. Rf2 d3 37. Rg7+ Ke8 38. Rg8+ Ke7 39. Rg7+ Ke8
40. Rg8+ Ke7 41. Rg7+ {Game drawn by repetition} 1/2-1/2

[Event "ICS rated blitz match"]
[Site "207.99.5.190"]
[Date "1999.03.11"]
[Round "?"]
[White "Hossa"]
[Black "Speedy"]
[Result "0-1"]
[WhiteElo "2473"]
[BlackElo "2288"]
[Annotator "Crafty v16.5"]
[PlyCount "75"]

{annotating for player Hossa using a scoring margin of +0.10 pawns. search
time limit is 20.00} 1. e4 1... c5 2. Bc4 a6 3. Nc3 b5 4. Bxf7+ Kxf7 5. Qh5+ g6
6. Qd5+ e6 7. Qxa8 Nc6 8. Nf3 Qc7 9. d3 b4 10. Ne2 h6 11. Bf4 d6 12. Nh4 Nge7
13. Bxd6 Qxd6 14. O-O-O ({8:-2.73} 14. O-O-O 14... Qc7 15. Nf5 gxf5 16. exf5
Nxf5 17. d4 cxd4 18. f4 $19) ({9:-1.17} 14. Nxg6 14... Kxg6 15. O-O-O Bg7 16.
Rd2 Qb8 17. Qxb8 Nxb8 18. Nf4+ Kg5 19. Ne2 $17) 14... Qc7 15. Nf3 Bb7 16. Qxb7
Qxb7 17. h4 Bg7 18. h5 g5 19. Nd2 Nd4 20. Rde1 Nec6 21. Nb3 Nxb3+ 22. axb3 Nd4
23. f4 Nxe2+ 24. Rxe2 gxf4 25. Rf2 e5 26. g3 Qc7 27. Rhf1 Ke7 28. gxf4 exf4 29.
Rxf4 Rf8 30. Rxf8 Bxf8 31. Kb1 Bg7 32. Rf5 Bd4 33. c3 bxc3 34. bxc3 Bxc3 35.
Kc2 Bd4 36. e5 Bxe5 37. Kd1 Bd4 38. Rf1 0-1

[Event "ICS rated blitz match"]
[Site "207.99.5.190"]
[Date "1999.03.11"]
[Round "?"]
[White "Hossa"]
[Black "Speedy"]
[Result "0-1"]
[WhiteElo "2449"]
[BlackElo "2312"]
[Annotator "Crafty v16.5"]
[PlyCount "77"]

{annotating for player Hossa using a scoring margin of +0.10 pawns. search
time limit is 20.00} 1. e4 1... c5 2. Bc4 a6 3. Nc3 b5 4. Bxf7+ Kxf7 5. Qh5+ g6
6. Qd5+ e6 7. Qxa8 Nc6 8. Nd1 ({9:-1.55} 8. Nd1 8... Qc7 9. d4 Bb7 10. Bf4 Qb6
11. dxc5 Bxc5 12. Bc7 12... Qxc7 $19) ({9:+2.50} 8. Nf3 8... Nb4 9. Ne5+ Kg7
10. O-O Nxc2 11. Rb1 Nf6 12. f4 12... Bd6 $18) 8... Qc7 9. d4 Bb7 10. Bf4 Qb6
11. dxc5 ({8:-3.32} 11. dxc5 11... Bxc5 12. Qxb7 Qxb7 13. Nf3 Nb4 14. Ng5+ Ke7
15. O-O 15... Nxc2 $19) ({8:-2.68} 11. Qxf8+ 11... Kxf8 12. Bd6+ Kf7 13. Bxc5
Qa5+ 14. c3 d6 15. Bxd6 Nxd4 16. Kf1 16... Qd8 $19) 11... Bxc5 12. Qb8 ({
10:-5.66} 12. Qb8 12... Nxb8 13. Bxb8 Bxe4 14. Be5 Bxg2 15. Nh3 Bb4+ 16. c3 Nf6
17. Rg1 $19) ({10:-3.41} 12. Qxb7 12... Qxb7 13. Nf3 Nf6 14. Nc3 Nb4 15. O-O-O
Bxf2 16. Ne5+ Kg7 17. Rhf1 $19) 12... Nxb8 13. Bxb8 d6 14. Nf3 Bc6 15. Ne5+
dxe5 16. Bxe5 Bd4 17. Bxh8 Bxh8 18. f3 b4 19. Rc1 Bb5 20. c4 bxc3 21. bxc3 Bc4
22. g4 Bf6 23. h4 Be5 24. Rc2 Bg3+ 25. Kd2 Bf4+ 26. Ke1 Nf6 27. Rg2 Nd7 28. h5
g5 29. Rb2 Qc5 30. Rb7 Ke8 31. Rxd7 Kxd7 32. a4 Qa3 33. Rf1 Qa2 34. Rf2 Bg3 35.
Nb2 Bxf2+ 36. Kxf2 Qxb2+ 37. Kg1 Qxc3 38. Kf2 Qd2+ 39. Kg1 0-1

[Event "ICS rated bullet match"]
[Site "207.99.5.190"]
[Date "1999.03.11"]
[Round "?"]
[White "TDChess"]
[Black "Hossa"]
[Result "1-0"]
[WhiteElo "2542"]
[BlackElo "2383"]
[Annotator "Crafty v16.5"]
[PlyCount "159"]

{annotating for player Hossa using a scoring margin of +0.10 pawns. search
time limit is 20.00} 1. d4 1... Nf6 2. c4 g6 3. Nf3 Bg7 4. Nc3 O-O 5. e4 d6 6.
Be2 e5 7. O-O exd4 8. Nxd4 Nbd7 9. Nb3 Re8 10. Qd3 Ne5 11. Qc2 Be6 12. Nd5 Nxd5
({7:-0.35} 12... Nxd5 13. cxd5 Bd7 14. f4 Ng4 15. f5 Ne5 16. Bf4 $14) ({7:-0.24
} 12... Ned7 13. Be3 Ng4 14. Bxg4 Bxg4 15. f3 $10) 13. cxd5 Bg4 14. f3 Bd7 15.
Be3 Rc8 ({9:-0.47} 15... Rc8 16. Na5 b6 17. Nc6 Nxc6 18. dxc6 Bf5 19. Ba6 Rb8
20. Bc4 $14) ({9:-0.29} 15... c5 16. dxc6 Nxc6 17. Rad1 Be6 18. Nc5 Nb4 19. Qa4
Qb6 20. Bb5 $10) 16. Bxa7 b6 17. f4 Ng4 18. Bxg4 Bxg4 19. Rac1 Qf6 20. Rb1 Bd7
21. Rf3 Ba4 22. Re1 Qxb2 23. Qxb2 Bxb2 24. Rf2 Bxb3 25. Rxb2 Bxd5 26. Rb4 f5
27. e5 dxe5 28. fxe5 Bxa2 29. Ra4 Bd5 30. Rd4 Bb7 31. Rc4 Ra8 32. Ra4 Kf7 33.
h3 Ke6 34. Rc1 Re7 35. Re1 Be4 36. Raa1 Kxe5 37. Red1 Rf8 38. Ra2 Rg7 39. Ra3
Rf6 40. Bb8 Rc6 41. h4 Rc2 42. g3 Rg8 43. Ba7 Rf8 44. Rd7 h5 45. Ra1 Ke6 46.
Rg7 Kf6 47. Rd7 Rf7 48. Rxf7+ Kxf7 49. Bb8 Ke6 50. Kf1 c5 51. Bf4 Bd3+ 52. Ke1
Kd5 53. Kd1 Rf2 54. Ra7 Bb5 55. Rb7 Ba4+ 56. Kc1 b5 57. Rb6 b4 58. Rd6+ Kc4 59.
Rxg6 Rf1+ 60. Kb2 Rxf4 61. gxf4 Kb5 62. Rf6 c4 63. Rxf5+ Kb6 64. Rxh5 c3+ 65.
Kc1 b3 66. Re5 Bd7 67. h5 Bg4 68. h6 b2+ 69. Kb1 Bh3 70. h7 Bf1 71. Re3 c2+ 72.
Kxc2 Bc4 73. h8=Q b1=Q+ 74. Kxb1 Bd5 75. Qd4+ Kc6 76. Rc3+ Bc4 77. Rxc4+ Kb5
78. Qd3 Kb6 79. Qb3+ Ka5 80. Ra4# 1-0

[Event "ICS rated blitz match"]
[Site "207.99.5.190"]
[Date "1999.03.11"]
[Round "?"]
[White "Hossa"]
[Black "Speedy"]
[Result "0-1"]
[WhiteElo "2427"]
[BlackElo "2334"]
[Annotator "Crafty v16.5"]
[PlyCount "69"]

{annotating for player Hossa using a scoring margin of +0.10 pawns. search
time limit is 20.00} 1. e4 1... c5 2. Bc4 a6 3. Nc3 b5 4. Bxf7+ Kxf7 5. Qh5+ g6
6. Qd5+ e6 7. Qxa8 Nc6 8. Nd1 ({9:-1.55} 8. Nd1 8... Qc7 9. d4 Bb7 10. Bf4 Qb6
11. dxc5 Bxc5 12. Bc7 12... Qxc7 $19) ({9:+2.50} 8. Nf3 8... Nb4 9. Ne5+ Kg7
10. O-O Nxc2 11. Rb1 Nf6 12. f4 12... Bd6 $18) 8... Qc7 9. d4 Bb7 10. Bf4 Qb6
11. dxc5 ({8:-3.32} 11. dxc5 11... Bxc5 12. Qxb7 Qxb7 13. Nf3 Nb4 14. Ng5+ Ke7
15. O-O 15... Nxc2 $19) ({8:-2.68} 11. Qxf8+ 11... Kxf8 12. Bd6+ Kf7 13. Bxc5
Qa5+ 14. c3 d6 15. Bxd6 Nxd4 16. Kf1 16... Qd8 $19) 11... Bxc5 12. Qb8 ({
10:-5.66} 12. Qb8 12... Nxb8 13. Bxb8 Bxe4 14. Be5 Bxg2 15. Nh3 Bb4+ 16. c3 Nf6
17. Rg1 $19) ({10:-3.41} 12. Qxb7 12... Qxb7 13. Nf3 Nf6 14. Nc3 Nb4 15. O-O-O
Bxf2 16. Ne5+ Kg7 17. Rhf1 $19) 12... Nxb8 13. Bxb8 d6 14. Nf3 Bc6 15. Ne5+
dxe5 16. Bxe5 Bd4 17. Bxh8 Bxh8 18. f3 b4 19. Rc1 Bb5 20. c4 bxc3 21. bxc3 Bc4
22. g4 Bxa2 23. h4 Bc4 24. h5 g5 25. Rc2 Be5 26. Kd2 Bf4+ 27. Ke1 Qd6 28. Nf2
Bg3 29. Rd2 Qf4 30. Kd1 Qxf3+ 31. Kc2 Bxf2 32. Rb1 Qxe4+ 33. Kb2 Be3 34. Rh2
Ne7 35. Re1 0-1

[Event "ICS rated blitz match"]
[Site "207.99.5.190"]
[Date "1999.03.11"]
[Round "?"]
[White "rajah"]
[Black "Hossa"]
[Result "1-0"]
[WhiteElo "2473"]
[BlackElo "2407"]
[Annotator "Crafty v16.5"]
[PlyCount "179"]

{annotating for player Hossa using a scoring margin of +0.10 pawns. search
time limit is 20.00} 1. e4 1... e5 2. Nf3 Nc6 3. Bb5 a6 4. Bxc6 dxc6 5. O-O Bg4
6. h3 Bxf3 7. Qxf3 Qf6 8. Qg3 O-O-O 9. d3 Be7 10. Na3 b5 ({9:-0.81} 10... b5
11. Bd2 Rd7 12. Qe3 Kb8 13. Rae1 Nh6 14. Bc3 14... Rhd8 $16) ({9:-0.30} 10...
Bxa3 11. bxa3 Ne7 12. Rb1 Rhe8 13. Bd2 Kb8 14. Bc3 Ng6 15. Qe3 $10) 11. b4 Qg6
12. Bb2 Qxg3 13. fxg3 f6 14. Bc3 h5 ({12:-0.16} 14... h5 15. Nb1 c5 16. a3 cxb4
17. Bxb4 Bd6 18. Kf2 Ne7 19. Nc3 Kd7 20. Rab1 20... c5 $10) ({12:+0.94} 14...
c5 15. Nb1 cxb4 16. Be1 Bc5+ 17. Bf2 Bxf2+ 18. Kxf2 Ne7 19. Nd2 Kd7 20. Nb3 Kd6
21. Ke3 21... c5 $17) 15. Nb1 c5 16. a3 h4 17. Rf3 hxg3 18. Rxg3 Bf8 19. Nd2
Rh4 20. Re3 g5 21. Nb3 g4 22. Nxc5 Bh6 23. Rg3 Bf4 24. Rxg4 Rxg4 25. hxg4 Be3+
26. Kf1 Rd6 27. a4 Kb8 28. axb5 axb5 29. Ra5 c6 30. Ke2 Bxc5 31. bxc5 Re6 32.
Bd2 Re7 33. Ra6 Kb7 34. Rb6+ Kc7 35. g5 fxg5 36. Ba5 Re8 37. Rxb5+ Kd7 38. Rb7+
Ke6 39. g4 Ne7 40. Bd2 Rg8 41. c3 Kf6 42. d4 Ke6 43. dxe5 Ng6 44. Bxg5 Kxe5 45.
Ke3 Rh8 46. Rf7 Rh3+ 47. Rf3 Rxf3+ 48. Kxf3 Ke6 49. Bf4 Kf7 50. g5 Nf8 51. Kg4
Kg6 52. Be3 Ne6 53. Kh4 Nd8 54. c4 Nf7 55. Bf4 Nd8 56. Kg4 Nf7 57. e5 Nd8 58.
Be3 Ne6 59. Bd2 Nd4 60. Be1 Ne6 61. Ba5 Nxg5 62. Bc7 Ne4 63. Bd6 Nd2 64. e6 Kf6
65. e7 Kf7 66. Kf4 Nxc4 67. Kf3 Na3 68. Kg2 Nc2 69. Kg3 Ne3 70. Kf3 Nd5 71. Ke4
Nxe7 72. Bxe7 Kxe7 73. Ke5 Kd7 74. Kf6 Kd8 75. Ke6 Kc7 76. Ke7 Kc8 77. Kd6 Kd8
78. Kxc6 Ke7 79. Kb7 Kf6 80. c6 Ke5 81. c7 Kd5 82. c8=Q Ke4 83. Kc6 Kd4 84. Qe6
Kd3 85. Kd5 Kc2 86. Qe3 Kd1 87. Qf2 Kc1 88. Kd4 Kd1 89. Kd3 Kc1 90. Qc2# 1-0

[Event "ICS rated standard match"]
[Site "207.99.5.190"]
[Date "1999.03.11"]
[Round "?"]
[White "Nothing"]
[Black "Hossa"]
[Result "0-1"]
[WhiteElo "1951"]
[BlackElo "2235"]
[PlyCount "66"]

1. d4 Nf6 2. c4 g6 3. Nc3 Bg7 4. e4 d6 5. f4 O-O 6. Nf3 Bg4 7. Be2 c5 8. d5 e6
9. O-O exd5 10. cxd5 Re8 11. h3 Bc8 12. e5 dxe5 13. fxe5 Nfd7 14. e6 fxe6 15.
d6 Rf8 16. Bg5 Qb6 17. Na4 Qb4 18. Be7 Rf4 19. a3 Qxa4 20. Ng5 Bxb2 21. Nxe6
Rxf1+ 22. Qxf1 a6 23. Bc4 b5 24. Bd5 Bb7 25. Bxb7 Ra7 26. Bd5 Kh8 27. Ra2 Qc2
28. Ng5 Qd2 29. Qf7 Bd4+ 30. Kh1 Qe1+ 31. Kh2 Bg1+ 32. Kh1 Bf2+ 33. Kh2 33...
Bg3# {Nothing checkmated} 0-1

[Event "ICS rated blitz match"]
[Site "207.99.5.190"]
[Date "1999.03.11"]
[Round "?"]
[White "Hossa"]
[Black "Data"]
[Result "0-1"]
[WhiteElo "2394"]
[BlackElo "2832"]
[PlyCount "118"]

1. e4 c5 2. Bc4 e6 3. Nc3 Nc6 4. Nf3 d6 5. O-O Nf6 6. d4 cxd4 7. Nxd4 Be7 8.
Nxc6 bxc6 9. Qd3 O-O 10. Bg5 Rb8 11. Bb3 Ng4 12. Bxe7 Qxe7 13. Rad1 Rd8 14. Qg3
e5 15. Rd2 Be6 16. Bxe6 Qxe6 17. b3 f5 18. Rfd1 fxe4 19. Nxe4 d5 20. Nc5 Qf5
21. f3 Ne3 22. Re1 d4 23. Ne4 Rd5 24. Qh4 a6 25. Rde2 a5 26. Qe7 Qf7 27. Qxf7+
Kxf7 28. a4 h6 29. Kf2 g5 30. Rd2 g4 31. fxg4 Nxg4+ 32. Kf3 Ne3 33. g4 Rf8 34.
Rde2 Ke6+ 35. Kg3 Rdd8 36. h3 Rf4 37. Nf2 Rdf8 38. Nd1 Nxd1 39. Rxd1 Kd5 40.
Kh4 Rf2 41. Rxf2 Rxf2 42. c3 c5 43. cxd4 cxd4 44. Kh5 e4 45. Kxh6 e3 46. g5 e2
47. Re1 d3 48. g6 d2 49. g7 dxe1=Q 50. g8=Q+ Kd4 51. Qc4+ Ke3 52. Qc5+ Kd2 53.
Kh5 Kd1 54. Qd4+ Qd2 55. Qxf2 e1=Q 56. Qf5 Qe8+ 57. Kh4 Qde1+ 58. Kg5 Q1e3+ 59.
Qf4 59... Qg8+ {Hossa resigns} 0-1

[Event "ICS Rated blitz match"]
[Site "207.99.5.190"]
[Date "1999.03.11"]
[Round "?"]
[White "rajah"]
[Black "Hossa"]
[Result "1-0"]
[WhiteElo "2498"]
[BlackElo "2380"]
[Annotator "Crafty v16.5"]
[PlyCount "173"]

{annotating for player Hossa using a scoring margin of +0.10 pawns. search
time limit is 20.00} 1. c4 1... e5 2. Nc3 Nf6 3. Nf3 Nc6 4. e4 Bc5 5. Be2 d6 6.
O-O O-O ({9:-1.02} 6... O-O 7. d3 a6 8. Bg5 Be6 9. Bh4 Bb4 10. Bxf6 Qxf6 11.
Na4 $16) ({9:-0.44} 6... Bg4 7. Qb3 Bb6 8. h3 Bxf3 9. Bxf3 Qd7 10. Nd5 O-O-O
11. Nxb6+ cxb6 12. Qe3 $14) 7. d3 Bd7 8. Bg5 Be6 9. Nd5 Bxd5 10. cxd5 Nd4 11.
Nxd4 Bxd4 12. Rc1 Rc8 ({10:-0.90} 12... Rc8 13. Bxf6 gxf6 14. Bg4 Rb8 15. b3
Bb2 16. Rc4 Bd4 17. Qc2 17... c5 $16) ({10:-0.43} 12... c6 13. dxc6 bxc6 14.
Rxc6 Bxb2 15. Bg4 h6 16. Bh4 Qe7 17. Qf3 Rad8 18. Bxf6 Qxf6 19. Qxf6 19... gxf6
$14) 13. Bg4 Rb8 14. Bxf6 gxf6 ({11:-1.32} 14... gxf6 15. Bf5 h6 16. b3 Qe7 17.
Qg4+ Kh8 18. Bd7 Bc5 19. Qh3 Kg8 20. Qg3+ $16) ({11:-1.05} 14... Qxf6 15. Rxc7
Bxb2 16. Qb3 Bd4 17. Rxb7 Rxb7 18. Qxb7 Qf4 19. Qd7 a6 20. Bf5 $16) 15. Bf5 h6
16. Rc2 c6 17. dxc6 bxc6 18. b3 c5 19. Qg4+ Kh8 20. Qh4 Kg7 21. Re1 Qa5 22. Rd1
Rg8 23. Qg4+ Kh8 24. Qh5 Kg7 25. Bd7 Rbf8 26. Qg4+ Kh8 27. Qh4 Kg7 28. Qg3+ Kh8
29. Qh3 Kg7 30. Bc6 Qd8 31. Rdd2 Qc8 32. Bd7 Qb7 33. Bf5 Rd8 34. Qg4+ Kh8 35.
Qh5 Kg7 36. Rc4 Qe7 37. Qg4+ Kh8 38. Qh4 Kg7 39. Qg3+ Kh8 40. Qh3 Qf8 41. Qf3
Qg7 42. Ra4 Ra8 43. Ra6 Qf8 44. Rc6 Qd8 45. Qh5 Qf8 46. Rc7 Qg7 47. g3 Rgf8 48.
Be6 Qg5 49. Qxg5 fxg5 50. Bd5 Rac8 51. Rd7 Rcd8 52. Rxa7 Kg7 53. Re7 Kf6 54.
Rc7 Rb8 55. a4 Bc3 56. Ra2 h5 57. a5 Rbc8 58. Rxc8 Rxc8 59. a6 Bd4 60. a7 c4
61. dxc4 Bxa7 62. Rxa7 Rb8 63. Rxf7+ Kg6 64. Rd7 Rb6 65. b4 Kf6 66. b5 g4 67.
Bc6 Ke6 68. Rh7 Rb8 69. Rxh5 Kf6 70. Rh6+ Ke7 71. Rg6 Rf8 72. b6 Rc8 73. b7 Rb8
74. Rg7+ Kf6 75. Rc7 Ke6 76. Rc8 Rxb7 77. Bxb7 Ke7 78. Rg8 Kd7 79. Rxg4 Ke7 80.
Rg7+ Kf6 81. Rd7 Ke6 82. Rh7 Kf6 83. Bd5 Kg6 84. Rd7 Kh5 85. Rxd6 Kg4 86. c5
Kh3 87. Be6# 1-0

[Event "ICS rated blitz match"]
[Site "207.99.5.190"]
[Date "1999.03.11"]
[Round "?"]
[White "JSBach"]
[Black "Hossa"]
[Result "0-1"]
[WhiteElo "1979"]
[BlackElo "2369"]
[PlyCount "42"]

1. e4 c5 2. Nc3 Nc6 3. Nf3 Nf6 4. Bc4 d6 5. O-O Bg4 6. h3 Bh5 7. g4 Bg6 8. d3
Qd7 9. Bg5 Nxg4 10. hxg4 Qxg4+ 11. Kh1 Bh5 12. Kh2 Qxf3 13. Qd2 h6 14. Nd5
O-O-O 15. Bf4 e6 16. Nc3 Ne5 17. Bb5 Be7 18. Kg1 Qg4+ 19. Kh1 Qh3+ 20. Bh2 Bf3+
21. Kg1 21... Qg2# {JSBach checkmated} 0-1

[Event "ICS rated blitz match"]
[Site "207.99.5.190"]
[Date "1999.03.11"]
[Round "?"]
[White "Hossa"]
[Black "rajah"]
[Result "1/2-1/2"]
[WhiteElo "2372"]
[BlackElo "2509"]
[PlyCount "130"]

1. e4 d5 2. exd5 Qxd5 3. Nc3 Qa5 4. Nf3 Nc6 5. Bc4 Bg4 6. O-O Nd4 7. Bd5 Bxf3
8. Bxf3 O-O-O 9. Re1 Nf6 10. d3 Qf5 11. Be4 Qh5 12. f3 e5 13. a3 Be7 14. Be3
Kb8 15. Rc1 Nxe4 16. Nxe4 Bh4 17. Bf2 Bxf2+ 18. Nxf2 Rhe8 19. c3 Ne6 20. Qc2
Nf4 21. Rcd1 f5 22. a4 Rd5 23. Nh1 Qg5 24. Ng3 Re6 25. Qb1 g6 26. d4 exd4 27.
Rxd4 Rxd4 28. cxd4 Qd8 29. Kh1 h5 30. Rxe6 Nxe6 31. Ne2 Nxd4 32. Nf4 Qe8 33.
Qd1 c5 34. h4 Qe7 35. g3 Qe5 36. Kg2 Qe8 37. b4 b6 38. bxc5 bxc5 39. Nd3 Qe7
40. Nf4 Qf7 41. Qd2 Qb3 42. Qf2 Qxa4 43. Nxg6 Qc4 44. Nf4 Qf7 45. Nd3 Qe7 46.
Nf4 a5 47. Nxh5 a4 48. Nf4 a3 49. Nd3 Qe2 50. Qxe2 Nxe2 51. Nxc5 Nc1 52. Na6+
Kc8 53. Nb4 Kd8 54. g4 fxg4 55. fxg4 a2 56. Nxa2 Nxa2 57. g5 Ke7 58. Kg3 Kf8
59. g6 Kg7 60. h5 Nc1 61. Kf4 Kh6 62. Kf5 Nd3 63. Kf6 Nf4 64. Kf7 Nxh5 65. g7
65... Nxg7 {Game drawn because neither player has mating material} 1/2-1/2

[Event "ICS Rated blitz match"]
[Site "207.99.5.190"]
[Date "1999.03.11"]
[Round "?"]
[White "Hossa"]
[Black "rajah"]
[Result "1-0"]
[WhiteElo "2368"]
[BlackElo "2499"]
[PlyCount "145"]

1. e4 c6 2. Nc3 d5 3. exd5 cxd5 4. Nf3 Nf6 5. Bb5+ Bd7 6. O-O e6 7. Re1 Bb4 8.
Be2 O-O 9. a3 Bd6 10. Nb5 Be7 11. Ne5 Qb6 12. Nxd7 Nbxd7 13. d4 Rac8 14. Nc3
Ne4 15. Nxe4 dxe4 16. c3 Rfd8 17. a4 Nf6 18. a5 Qd6 19. Ra4 Qd5 20. Be3 Rc6 21.
a6 b6 22. Ra1 Qf5 23. c4 Bd6 24. Qb3 Rc7 25. Rac1 Bf4 26. Qb5 Qxb5 27. cxb5
Rxc1 28. Bxc1 Bc7 29. Be3 Nd5 30. Bc4 Rd6 31. Bg5 h6 32. Bd2 f5 33. g3 Kh8 34.
Kg2 g5 35. Rc1 Bd8 36. Be1 f4 37. Bd2 e3 38. Be1 Bf6 39. Bxd5 Rxd5 40. Rc8+ Kh7
41. fxe3 fxe3 42. Rc7+ Kg6 43. Rxa7 Rxb5 44. Bc3 Rf5 45. Rb7 Rf2+ 46. Kg1 Rc2
47. Rxb6 Kf5 48. h3 Rc1+ 49. Kg2 e2 50. g4+ Kg6 51. Rxe6 Kf7 52. Rxe2 Ra1 53.
d5 Rxa6 54. Rf2 Kg6 55. Bxf6 Rxf6 56. Rc2 Kf7 57. Rc7+ Ke8 58. Rc6 Rxc6 59.
dxc6 Kd8 60. b4 Kc7 61. b5 Kc8 62. b6 Kb8 63. Kf3 Ka8 64. Ke4 Kb8 65. Kf5 Kc8
66. Kg6 Kb8 67. Kxh6 Ka8 68. Kxg5 Kb8 69. Kf6 Ka8 70. g5 Kb8 71. g6 Ka8 72. g7
Kb8 73. g8=Q# {rajah checkmated} 1-0

[Event "ICS Rated blitz match"]
[Site "207.99.5.190"]
[Date "1999.03.11"]
[Round "?"]
[White "KillerGrob"]
[Black "Hossa"]
[Result "1-0"]
[WhiteElo "2791"]
[BlackElo "2401"]
[PlyCount "73"]

1. e4 e5 2. Nf3 Nc6 3. Bb5 a6 4. Ba4 Nf6 5. O-O Be7 6. Re1 b5 7. Bb3 d6 8. c3
O-O 9. h3 a5 10. d3 a4 11. Bc2 Be6 12. Na3 Rb8 13. Ng5 Bd7 14. c4 b4 15. Nb5
Ne8 16. Nf3 Na5 17. Bxa4 c6 18. Na7 Rb6 19. Be3 Ra6 20. a3 Qb8 21. axb4 Qxb4
22. Qd2 Qxd2 23. Nxd2 Bd8 24. b4 Nb7 25. b5 cxb5 26. cxb5 Ra5 27. Nb3 Rxa4 28.
Rxa4 Be6 29. Rb1 Nc7 30. b6 Na8 31. Nc6 Bd7 32. Nxd8 Bxa4 33. Nxb7 Rb8 34. Nxd6
Nxb6 35. Nc5 Bc2 36. Rb2 Bd1 37. Na6 {Hossa resigns} 1-0

[Event "ICS Rated blitz match"]
[Site "207.99.5.190"]
[Date "1999.03.11"]
[Round "?"]
[White "Moron"]
[Black "Hossa"]
[Result "1-0"]
[WhiteElo "2749"]
[BlackElo "2398"]
[PlyCount "35"]

1. e4 c5 2. Nf3 Nc6 3. d4 cxd4 4. Nxd4 Qa5+ 5. Nc3 Nf6 6. Nb3 Qe5 7. f4 Qe6 8.
e5 d6 9. Nb5 Kd8 10. N5d4 Nxd4 11. Nxd4 Qg4 12. exf6 Qh4+ 13. g3 Qxf6 14. Be3
Be6 15. Bg2 Kc8 16. Qd3 a6 17. Qc3+ Kb8 18. Nc6+ {Hossa resigns} 1-0

[Event "ICS Rated blitz match"]
[Site "207.99.5.190"]
[Date "1999.03.11"]
[Round "?"]
[White "Data"]
[Black "Hossa"]
[Result "1-0"]
[WhiteElo "2842"]
[BlackElo "2422"]
[PlyCount "21"]

1. e4 c5 2. Nf3 Nc6 3. Bb5 Qb6 4. Nc3 Nd4 5. Bc4 Qf6 6. Nxd4 cxd4 7. Nb5 Qe5 8.
d3 a6 9. Qf3 Kd8 10. Bf4 Qf6 11. Nc7 {Hossa resigns} 1-0

[Event "ICS Rated blitz match"]
[Site "207.99.5.190"]
[Date "1999.03.11"]
[Round "?"]
[White "Hossa"]
[Black "MoonShot"]
[Result "0-1"]
[WhiteElo "2419"]
[BlackElo "2694"]
[Annotator "Crafty v16.5"]
[PlyCount "77"]

{annotating for player Hossa using a scoring margin of +0.10 pawns. search
time limit is 10.00} 1. e4 1... d5 2. exd5 Qxd5 3. Nc3 Qa5 4. Nf3 Bg4 5. d4 ({
7:+0.27} 5. d4 5... Nf6 6. Bd3 Na6 7. O-O O-O-O 8. Be3 $10) ({7:+0.39} 5. Bc4
5... Qh5 6. Be2 Nc6 7. O-O O-O-O 8. Re1 $14) 5... Nd7 6. Bc4 ({8:+0.04} 6. Bc4
6... Ngf6 7. Qd3 Bf5 8. Qe2 Qb4 9. Ne5 Nxe5 10. dxe5 $10) ({8:+0.17} 6. Be2
6... O-O-O 7. O-O Nh6 8. d5 Qb4 9. Bxh6 gxh6 10. Qd4 $10) 6... Nb6 7. Be2 Nf6
8. Bd2 ({8:+0.01} 8. Bd2 8... Qf5 9. Ne5 Bxe2 10. Nxe2 Ng4 11. Nxg4 Qxg4 12.
O-O 12... O-O-O $10) ({8:+0.33} 8. Ne5 8... Be6 9. Bb5+ Bd7 10. Nxd7 Nfxd7 11.
d5 O-O-O 12. O-O 12... Qb4 $14) 8... Qf5 9. Ne5 Bxe2 10. Nxe2 Ng4 11. Nxg4 Qxg4
12. O-O O-O-O 13. Re1 e5 14. c3 Nc4 15. Bc1 ({8:-0.33} 15. Bc1 15... exd4 16.
f3 Qh4 17. cxd4 Bb4 18. g3 18... Qh3 $15) ({8:-0.03} 15. b3 15... Nxd2 16. Qxd2
exd4 17. Rad1 Bc5 18. Nxd4 Rhe8 19. Rxe8 19... Rxe8 $10) 15... exd4 16. cxd4
Bb4 17. Rf1 Rhe8 18. f3 Qf5 19. Qb3 ({7:-0.56} 19. Qb3 19... Rxe2 20. Qxc4 Qc2
21. Qxc2 Rxc2 22. a3 22... Bd6 $15) ({7:-0.32} 19. Rf2 19... Ba5 20. b3 Ne3 21.
Bxe3 Rxe3 22. Ng3 22... Qd5 $15) 19... Rxe2 20. Qxc4 Qc2 21. Qxc2 Rxc2 22. Rd1
({10:-1.23} 22. Rd1 22... Re8 23. a3 Bd6 24. Kh1 Ree2 25. Rg1 Kd7 26. b3 26...
c6 $17) ({10:-1.05} 22. Rf2 22... Rxf2 23. Kxf2 Rxd4 24. Be3 Rd5 25. Rc1 Kd7
26. Ke2 a5 27. Bf4 $17) 22... Re8 23. a3 Bd6 24. Kh1 Rf2 25. b4 ({10:-2.12} 25.
b4 25... Ree2 26. Rg1 Rxf3 27. Rd1 Rff2 28. Rg1 Kd7 29. d5 29... Be5 $19) ({
10:-1.90} 25. Rg1 25... Ree2 26. f4 Bxf4 27. b3 Bd6 28. Bg5 Rb2 29. Be3 29...
Rfe2 $19) 25... Ree2 26. Rg1 Rxf3 27. Rd1 Rd3 28. Bg5 Ra2 29. Rf1 Rxa1 30. Rxa1
h6 31. Bh4 Rxd4 32. Bf2 Rd2 33. Be3 Rd3 34. Bf2 a5 35. bxa5 Rxa3 36. Rxa3 Bxa3
37. g4 Bb4 38. a6 bxa6 39. Bd4 0-1

[Event "ICS rated blitz match"]
[Site "207.99.5.190"]
[Date "1999.03.11"]
[Round "?"]
[White "Hossa"]
[Black "Secret"]
[Result "0-1"]
[WhiteElo "2414"]
[BlackElo "2729"]
[Annotator "Crafty v16.5"]
[PlyCount "115"]

{annotating for player Hossa using a scoring margin of +0.10 pawns. search
time limit is 10.00} 1. e4 1... c5 2. Bc4 e6 3. Nc3 a6 4. d3 Nf6 5. e5 d5 6.
exf6 dxc4 7. dxc4 Qxd1+ 8. Nxd1 gxf6 9. Ne2 ({10:+0.24} 9. Ne2 9... Nc6 10. Bd2
Bg7 11. Ne3 Nd4 12. Ng3 Bd7 13. O-O-O 13... O-O-O $10) ({10:+0.40} 9. Bd2 9...
Nc6 10. Ne3 Bd7 11. O-O-O O-O-O 12. Nf3 Bg7 13. Rhe1 13... Nd4 $14) 9... Nc6
10. Bf4 ({9:+0.03} 10. Bf4 10... e5 11. Bd2 Be6 12. Ne3 Bh6 13. Nf1 Bg5 14. Ne3
$10) ({9:+0.17} 10. Ne3 10... Nd4 11. Ng3 Bh6 12. Kd2 f5 13. c3 f4 14. cxd4
fxe3+ 15. fxe3 15... cxd4 $10) 10... e5 11. Bd2 Be6 12. Ne3 Bh6 13. O-O-O Bxe3
14. fxe3 ({9:-0.72} 14. fxe3 14... Bxc4 15. Nc3 O-O-O 16. Ne4 Bd5 17. Nxc5 Bxg2
18. Rhg1 $17) ({9:+0.05} 14. Bxe3 14... Nd4 15. Nc3 O-O-O 16. Ne4 Rhg8 17. g3
Bf5 18. Nxc5 18... Bxc2 $10) 14... Bxc4 15. Nc3 Rg8 16. Rhg1 ({9:-0.62} 16.
Rhg1 16... b6 17. Na4 Rb8 18. Nc3 Ke7 19. g4 Rbd8 20. Ne4 $15) ({9:-0.21} 16.
Ne4 16... O-O-O 17. Rhg1 Bd5 18. Nxf6 Rxg2 19. Rxg2 Bxg2 20. Nxh7 20... Kd7 $10
) 16... b6 17. b3 Be6 18. Ne4 Rg6 19. Rdf1 ({8:-1.01} 19. Rdf1 19... Ke7 20.
Nc3 Rag8 21. Rf2 Nb4 22. a3 22... Nd5 $17) ({8:-0.90} 19. h4 19... Bg4 20. Rdf1
Ke7 21. Bc3 Nb4 22. Kb1 22... Rd8 $17) 19... Ke7 20. Ng3 ({8:-1.12} 20. Ng3
20... h5 21. Ne4 Rd8 22. Nc3 Bg4 23. e4 23... h4 $17) ({8:-0.95} 20. Rf2 20...
Rd8 21. Nc3 c4 22. Na4 b5 23. Nc5 23... a5 $17) 20... Rd8 21. e4 ({8:-1.32} 21.
e4 21... Nb4 22. Bxb4 cxb4 23. Rd1 Rgg8 24. Kb2 Rxd1 25. Rxd1 25... Rd8 $17) ({
8:-1.15} 21. Bc3 21... h5 22. Bb2 h4 23. Ne2 Nb4 24. a3 24... Bg4 $17) 21... h5
22. Be1 ({8:-1.47} 22. Be1 22... Nd4 23. Rf2 h4 24. Nh1 Bg4 25. Rgf1 25... Be2
$17) ({8:-1.21} 22. Be3 22... Nd4 23. Rf2 h4 24. Nf1 Bg4 25. Kb1 25... Kd6 $17)
22... Nd4 23. Rf2 h4 24. Ne2 ({8:-1.62} 24. Ne2 24... Rg4 25. Nc3 h3 26. g3 f5
27. exf5 Bxf5 28. Rd2 $19) ({8:-1.33} 24. Nf1 24... a5 25. c3 Nb5 26. Kc2 c4
27. Rd2 Rxd2+ 28. Bxd2 28... h3 $17) 24... Rg4 25. Nc3 h3 26. g3 Nb5 27. Nd5+
Bxd5 28. exd5 Nd6 29. c4 b5 30. Ba5 Rc8 31. cxb5 axb5 32. Re2 c4 33. bxc4
Rcxc4+ 34. Kb1 Rgd4 35. Rd2 Rxd2 36. Bxd2 Rd4 37. Bc3 Rxd5 38. Bb4 Ke6 39. Kc2
Nc4 40. Kb3 Rd3+ 41. Bc3 Ne3 42. Rc1 Nd5 43. Kb2 Nxc3 44. Rxc3 Rd2+ 45. Rc2
Rxc2+ 46. Kxc2 e4 47. a3 f5 48. Kd2 Ke5 49. Ke2 f4 50. Kf2 e3+ 51. Kf3 fxg3 52.
hxg3 f5 53. Kxe3 h2 54. Kf3 h1=Q+ 55. Ke3 Qc1+ 56. Ke2 Ke4 57. a4 Qb2+ 58. Ke1
0-1